01346cam a22002651 4500001001300000003000400013005001700017008004100034010001700075035001900092040001700111041001100128042001200139050002000151130005600171245019800227260003800425300005800463500004400521500010700565500027300672630007400945700004401019999001701063ne 66000343 DLC20260227111821.0760423m19571961xx h 000 0 mul  ane 66000343  a(OCoLC)2135236 aDLCcPUdDLC0 agertur apremarc00aBL1411.P66bM380 aMaitreyanātha.sOld Turkish version (Maitrisimit)10aMaitrisimit ;bFaksimile der alttürkischen Version eines Werkes der buddhistischen Vaibhāśika-Schule.cIn Faksimile hrsg. von Annemarie v. Gabain. Mit Einer Einleitung von Helmuth Scheel. aWiesbaden,bF. Steiner,c1957-61. a2 v.c24 cm.aand 2 portfolios (227 facsims.)c44 cm. aThe facsims. are numbered continuously. aVol. 2, with a pref. by Richard Hartmann, and the 2d portfolio have imprint : Berlin, Akademie-Verlag. aThe original fragments, all from the finds of the Prussian Expeditions to Turfan (1902-1914), are now in part in the custody of the Akademie der Wissenschaften und der Literatur in Mainz, in part in the possession of the Deutsche Akademie der Wissenschaften zu Berlin.00aTripiṭaka.pSūtrapiṭaka.pPrajñāpāramitāxCommentaries.1 aGabain, Annemarie von,d1901-1993,eed. c48703d48703